00369nam a2200157Ia 45000010006000000050017000060080041000230410008000640820017000721000018000892450051001072600009001583000028001676500008001956540008002032250220260414150835.0260414t2003||||xx |||||||||||||| ||spa|| aESP a621.382bB27 aRegis J.eAUT 0aComunicaciones inalámbricas de banda anchab c2003 a345 páginas :c24 cm. aTCA aCET